000 00536 a2200181 4500
999 _c5110
_d5110
010 _aENG-86740
020 _a8181575326
_c80.00
035 _aEN-70273
037 _bDBAD / PUB
082 1 4 _a881
100 _aMerchant, Hoshang
245 1 _aAlif / Alpha :
_cby Hoshang Merchant
_bpoems for Ashfaque /
260 _aKolkata
_bWriters Workshop
_c2006
270 _a162/92, Lake Gardens,
_bKolkata
_e700 045
300 _a37p
_c22cm (Hb)
490 _aA writers workshop redbird book
942 _adpl
_cEN
_2ddc
_h881
_mMER